00661nam a2200181Ia 4500003000900000008004100009020002200050040001600072080001900088100002700107245007900134260004900213300001500262650004700277942000700324999001700331952013100348IN-BaIIA211028s9999 xx 000 0 eng d a978-0-691-14833-5 cIIA Library a[8]:01:00bHOS aHoskin, Michael912641 0aDiscoverers of the universebWilliam and Caroline HerschelcMichael Hoskin aNew JerseybPrinceton University Pressc2011 axvi, 237p. aAstronomers-Great Britian-Biography934839 cBK c18209d18209 00104070aBANbBANcGENd2012-01-04eSBA g1610.00l0o92:52/ HOSp19131r2021-11-05v1610.00w2012-01-04yBKGRs. 1610.00